ASCD yearbook 1996 : (Record no. 12635)
[ view plain ]
| 000 -LEADER | |
|---|---|
| fixed length control field | 00774nam a22002177a 4500 |
| 003 - CONTROL NUMBER IDENTIFIER | |
| control field | OSt |
| 005 - DATE AND TIME OF LATEST TRANSACTION | |
| control field | 20160530142646.0 |
| 008 - FIXED-LENGTH DATA ELEMENTS--GENERAL INFORMATION | |
| fixed length control field | 131002t xxu||||| |||| 00| 0 eng d |
| 020 ## - INTERNATIONAL STANDARD BOOK NUMBER | |
| International Standard Book Number | 1042-9018 |
| 050 ## - LIBRARY OF CONGRESS CALL NUMBER | |
| Classification number | AS 8 |
| Item number | .As811 1996 |
| 082 ## - DEWEY DECIMAL CLASSIFICATION NUMBER | |
| Classification number | GLT 379.1155 |
| Item number | As7 1996 |
| 100 ## - MAIN ENTRY--PERSONAL NAME | |
| Personal name | Guskey, Thomas R., ed. |
| 9 (RLIN) | 22747 |
| 110 ## - MAIN ENTRY--CORPORATE NAME | |
| Corporate name or jurisdiction name as entry element | ASCD |
| 9 (RLIN) | 22510 |
| 245 ## - TITLE STATEMENT | |
| Title | ASCD yearbook 1996 : |
| Remainder of title | communicating student learning / |
| Statement of responsibility, etc | edited by Thomas R. Guskey. |
| 260 ## - PUBLICATION, DISTRIBUTION, ETC. (IMPRINT) | |
| Place of publication, distribution, etc | Alexandria, Va : |
| Name of publisher, distributor, etc | Association for Supervision and Curriculum Development, |
| Date of publication, distribution, etc | 1996 |
| 300 ## - PHYSICAL DESCRIPTION | |
| Extent | v, 192 p. : |
| Other physical details | ill. ; |
| Dimensions | 28 cm. |
| 650 ## - SUBJECT ADDED ENTRY--TOPICAL TERM | |
| Topical term or geographic name as entry element | School management and organization-- |
| General subdivision | United States |
| -- | Periodicals |
| 9 (RLIN) | 22748 |
| 650 ## - SUBJECT ADDED ENTRY--TOPICAL TERM | |
| Topical term or geographic name as entry element | School Supervision |
| General subdivision | United States |
| -- | Periodicals |
| 9 (RLIN) | 22749 |
| 942 ## - ADDED ENTRY ELEMENTS (KOHA) | |
| Source of classification or shelving scheme | Library of Congress Classification |
| Koha item type | Books |
| Withdrawn status | Lost status | Source of classification or shelving scheme | Damaged status | Home library | Current library | Shelving location | Date acquired | Source of acquisition | Total Checkouts | Full call number | Barcode | Date last seen | Copy number | Price effective from | Koha item type |
|---|---|---|---|---|---|---|---|---|---|---|---|---|---|---|---|
| Library of Congress Classification | Luxembourg Library | Luxembourg Library | Genevive Ledesma - Tan Section | 10/02/2013 | Donation | AS 8 .As811 1996 | 11993 | 10/02/2013 | 1 | 10/02/2013 | Books |